01298nam a22003137a 4500003000400000005001700004008004100021040003700062082002900099100001900128245016400147260009500311300005200406650001500458650002100473650002300494650002500517650001400542650002600556650001800582650002100600650007900621650002500700700002000725700002200745710004400767710005900811856011400870OSt20250509062952.0250505t2024 |||o||||o| || 00| ||eng dd cJMCFI - Learning Resource Center aeBook/Ed. 372 Sa241 2024 aSapire, Ingrid aSpotlight on basic education completion and foundational learning :bSouth Africah[electronic resource] /cIngrid Sapire, Lindiwe Tshuma and Roelien Herholdt. aParis :bUnited Nations Educational, Scientific and Cultural Organization (UNESCO),c2024. a1 online resource (56 pages : colored, illus.). aEducation. aBasic education. aPrimary education. aEducational quality. aLearning. aAcademic achievement. aSouth Africa. aEducation eBook. aUnited Nations Educational, Scientific and Cultural Organization (UNESCO). aeBook (Open access). aTshuma, Lindiwe aHerholdt, Roelien aGlobal Education Monitoring Report Team aAssociation for the Development of Education in Africa uhttps://unesdoc.unesco.org/ark:/48223/pf0000389034?posInSet=97&queryId=N-684d769b-9b1d-4b07-8cb0-9d81224d5b45